000 00829nas a2200253 4500
001 BR8708197
003 BR-BrBNA
005 20231205091003.0
007 ta
008 230509b bl.|||p| |||| 00| 00por d
040 _aBR-BrBNA
_bpor
_cBiblioteca Nacional de Agricultura
041 _a(Pt)
072 _aP34
100 1 _aAlmeida, R.T. de
100 1 _aVasconcelos, I.
100 1 _aFreire, V.F.
245 1 _aEfeito de diferentes numeros de aplicacoes de monocrotophos sobre complexos jiquitirana - Rhizobium sp e jiquitirana - Rhizobium sp - Glomus mosseae
650 _aSOLO
650 _aRHIZOBIUM
650 _aINSETICIDA ORGANO-SINTETICO
773 0 _tCiencia Agronomica (Brazil)
_xISSN 0045-6888
_g(Jun 1986), v. 17(1) p. 67-71
_wBR8708197
909 _a202311
_bLúcia
_c55
_dLúcia Elande
942 _2AGRIS
_n0
_cANA
999 _c122054
_d122054